| 000 | 00564nam a2200229Ia 4500 | ||
|---|---|---|---|
| 003 | OSt | ||
| 005 | 20250625132451.0 | ||
| 008 | 210423s2011 xx 000 0 und d | ||
| 020 | _a9788177229714 | ||
| 040 | _cAL | ||
| 041 | _aeng | ||
| 082 |
_a001.42 _223 _bRAMR |
||
| 100 |
_aRAMAMURTHY (G C) _995807 |
||
| 245 | _aResearch methodology | ||
| 260 |
_aNew Delhi _bDreamtech Press _c2011 |
||
| 300 |
_axvi,708 _bPB |
||
| 365 |
_b399 _cINR |
||
| 650 |
_aGeneral _995808 |
||
| 650 |
_aResearch _995809 |
||
| 906 | _amethodology. ; Research | ||
| 942 |
_2ddc _cBK |
||
| 999 |
_c161422 _d161422 |
||